Statistiques concernant Acteurs Céléèbres prénommés "Michel" Série 02

Cliquez ici pour prendre le quiz!

Statistiques générales

  • Ce quiz a été pris 115 fois
  • Le résultat moyen est 5 sur 15

Statistiques - réponses

Titre du filmNom de l'acteur% Correct
Les enfants du marais - 1999Serrault
88%
Marche à l'ombre - 1984Blanc
82%
Les choses de la vie - 1970Piccoli
72%
Trois hommes et un couffin - 1985Boujenah
69%
Le juge et l'assassin - 1976Galabru
62%
Fric frac - 1939Simon
34%
Palais Royal - 2005Aumont
20%
La scoumoune - 1972Constantin
20%
La femme infidèle - 1969Bouquet
19%
Central nuit (série TV - 2001 à 2009)Creton
19%
Que la bête meure - 1969Duchaussoy
16%
Si Versailles m'était conté - 1954Auclair
11%
Corsaires et flibustiers (série TV - 1966)Leroyer
9%
L'hôtel de la plage - 1978Robin
4%
Le chat et la souris - 1975Peyrelon
3%

Distribution des résultats

Percentile par nombre de réponses

% des personnes avec chaque résultat

Votre développement - résultats

Vous n’avez pas pris ce quiz